| 000 | 01572nam a2200313 i 4500 | ||
|---|---|---|---|
| 003 | EG-ScBUE | ||
| 005 | 20231219141608.0 | ||
| 008 | 170918s1998 ua ab f b 000 0bara d | ||
| 040 |
_aEG-ScBUE _bara _erda _cEG-ScBUE _dEG-ScBUE |
||
| 043 | _af-ua--- | ||
| 082 | 0 | 4 |
_a962.03 _bج م ع _222 |
| 110 | 2 |
_aالجمعية الملكية للدراسات التاريخية (القاهرة)، _eمؤلف. |
|
| 245 | 1 | 0 |
_aذكرى البطل الفاتح إبراهيم باشا، 1848-1948 : _bمجموعة أبحاث ودراسات لتاريخه تنشرها الجمعية بمناسبة انقضاء مائة عام على وفاته / _cالجمعية الملكية للدراسات التاريخية. |
| 264 | 1 |
_aالقاهرة : _bمكتبة مدبولي، _c1998. |
|
| 300 |
_aأ-خ، 405 صفحة. : _bإيضاحيات، خرائط ؛ _c24 سم. |
||
| 336 |
_2rdacontent _aنص _btxt |
||
| 337 |
_aبدون وسيط _2rdamedia _bn |
||
| 338 |
_aمجلد _bnc _2rdacarrier |
||
| 490 | 0 |
_aصفحات من تاريخ مصر ؛ _v7 |
|
| 504 | _aيشتمل على إرجاعات ببليوجرافية. | ||
| 600 | 1 | 7 |
_aإبراهيم بن محمد علي بن إبراهيم آغا، باشا، _d1204-1264 هـ. _xذكرى سنوية، إلخ. _2BUEsh |
| 650 | _2BUEsh | ||
| 651 | 7 |
_aمصر _xتاريخ _yالحكم العثماني، 1517-1882. _2BUEsh |
|
| 651 | 7 |
_aمصر _xتاريخ _yإبراهيم باشا، 1848. _2BUEsh |
|
| 651 | 7 |
_aمصر _xملوك وحكام _vتراجم. _2BUEsh |
|
| 653 |
_bGGEN _cSeptember2017 |
||
| 655 | _vReading book | ||
| 942 | _2ddc | ||
| 999 |
_c25449 _d25421 |
||